000 00496nam a2200181Ia 4500
005 20250326141105.0
008 250326s9999 xx 000 0 und d
037 _aTextbook
040 _aFMSL
_beng
_cFMSL
041 _aeng
_2eng
084 _qFMSL
100 _aAli A J
_9743678
245 0 _aGlobalization of business ; practice and theory
_cAli A J
260 _aNew York
_bNew York, International Business Press
_c2000
300 _a342p
942 _cTB
999 _c1288658
_d1288658